00849 a2200193 4500003000500000005001700005010001600022020001700038040000900055082001200064100002400076245007700100260003200177300005200209505028100261650004400542651002700586651004200613Nust20230504134858.0 a 75015116 a0399115633 : cNust00a978,ADA1 aAdams, Alexander B.10aSunlight and storm : bThe great American plains / cAlexander B. Adams. aNew York :bPutnam,cc1977. a479 p., [12] leaves of plates :bill. ;c28 cm. aPART-1: 1528-1803 From the Discovery of the Great Plains by Europeans Through the Louisiana Purchase (Page-35), PART-2: 1804-1848 From the Lewis and Clark Expedition Through the Mexican War (Page-97), PART-3: 1848-1892 From the Gold Rush to the End of the Frontier (Page-267). 0aIndians of North AmericazGreat Plains. 0aGreat PlainsxHistory. 0aUnited StatesxTerritorial expansion.